Language culture and value / (Record no. 143159)

MARC details
000 -LEADER
fixed length control field 00631nam a22002057a 4500
005 - DATE AND TIME OF LATEST TRANSACTION
control field 20170808141319.0
010 ## - LCCN (DPL NO)
LC control number ENG-119538
020 ## - INTERNATIONAL STANDARD BOOK NUMBER
International Standard Book Number 9788172112943
Terms of availability 600.00
035 ## - SYSTEM CONTROL NUMBER
System control number EN-103070
037 ## - SOURCE OF ACQUISITION
Source of stock number/acquisition DBAD/PUB
082 ## - DEWEY DECIMAL CLASSIFICATION NUMBER
Classification number 306.44
245 ## - TITLE STATEMENT
Title Language culture and value /
Statement of responsibility, etc edited by Kanti Lal Das [and] Nirmal Kumar Roy
260 ## - PUBLICATION, DISTRIBUTION, ETC. (IMPRINT)
Place of publication, distribution, etc New Delhi
Name of publisher, distributor, etc Northern Book Center
Date of publication, distribution, etc 2012
270 ## - ADDRESS
Address 4221,1Ansari Road Daryaganj
City New Delhi
Postal code 110002
300 ## - PHYSICAL DESCRIPTION
Extent xxxvii,258p.
Dimensions 22cm(Hb)
500 ## - GENERAL NOTE
General note Includes index
700 ## - ADDED ENTRY--PERSONAL NAME
Personal name Das,Kanti Lal
700 ## - ADDED ENTRY--PERSONAL NAME
Personal name Roy, Nirmal Kumar
942 ## - ADDED ENTRY ELEMENTS (KOHA)
Source of classification or shelving scheme Dewey Decimal Classification
Item type English Books
Classification part 306.44
Call number suffix LAN
Holdings
Withdrawn status Lost status Not for loan Collection code Home library Current library Date acquired Source of acquisition Cost, normal purchase price Full call number Barcode Copy number Cost, replacement price Koha item type
      Non-fiction Narela Narela 08/08/2017 DBAD/PUB 600.00 306.44 LAN EN-103070 1 600.00 English Books

© Delhi Public Library
Hit Counter
free hit counter